[Event "Suedschwaben-ch"]
[Site "Sonthofen"]
[Date "2012.11.02"]
[Round "3.1"]
[White "Alt, Karl Heinz"]
[Black "Maugg, Ludwig"]
[Result "1/2-1/2"]
[WhiteElo "1738"]
[BlackElo "1863"]
[PlyCount "22"]
[EventDate "2012.11.01"]
[EventType "swiss"]
[EventRounds "7"]
[EventCountry "GER"]
[SourceTitle "EXT 2022"]
[Source "ChessBase"]
[SourceDate "2021.10.06"]
[SourceVersion "1"]
[SourceVersionDate "2021.10.06"]
[SourceQuality "1"]

1. e4 c5 2. Nf3 Nc6 3. d4 cxd4 4. Nxd4 Qb6 5. Nb3 Nf6 6. Nc3 e6 7. Bd3 Qc7 8. Be2 Be7 9. 0-0 0-0 10. f4 d6 11. Bf3 a6 1/2-1/2

[Event "Suedschwaben-ch"]
[Site "Sonthofen"]
[Date "2012.11.01"]
[Round "1.5"]
[White "Alt, Karl Heinz"]
[Black "Tyroller, Ernst"]
[Result "1-0"]
[WhiteElo "1738"]
[BlackElo "1261"]
[PlyCount "103"]
[EventDate "2012.11.01"]
[EventType "swiss"]
[EventRounds "7"]
[EventCountry "GER"]
[SourceTitle "EXT 2022"]
[Source "ChessBase"]
[SourceDate "2021.10.06"]
[SourceVersion "1"]
[SourceVersionDate "2021.10.06"]
[SourceQuality "1"]

1. e4 c5 2. Nf3 e6 3. d4 cxd4 4. Nxd4 Nc6 5. Nxc6 bxc6 6. Bd3 Qc7 7. 0-0 Nf6 8. c4 Be7 9. Qe2 d6 10. Nd2 0-0 11. Nf3 e5 12. h3 h6 13. Rd1 Be6 14. b3 Rfd8 15. Bd2 a5 16. Be3 c5 17. Nh2 Qc6 18. f3 Qc8 19. g4 Nh7 20. Kg2 g5 21. Nf1 Nf8 22. Ng3 Ng6 23. Nf5 Bxf5 24. exf5 Nf4+ 25. Bxf4 gxf4 26. Be4 Ra7 27. Bd5 Kg7 28. Be4 Rh8 29. Qd3 Qf8 30. Rh1 h5 31. Rad1 Kf6 32. h4 hxg4 33. fxg4 Kg7 34. g5 f6 35. g6 Qd8 36. h5 Rh6 37. Qd5 Qf8 38. a4 Rc7 39. Kf3 Ra7 40. Qc6 Qb8 41. Rd3 Rc7 42. Qd5 Qf8 43. Kg4 Ra7 44. Qc6 Qg8 45. Rxd6 Bxd6 46. Qxd6 Qc8 47. Rd1 Rh8 48. Bd5 Qc7 49. Qe6 Qd8 50. Rh1 Qc7 51. h6+ Rxh6 52. Qg8# 1-0

[Event "Bayern-chB 80th"]
[Site "Immenstadt"]
[Date "2009.08.30"]
[Round "9"]
[White "Weigert, Wilhelm"]
[Black "Alt, Karl Heinz"]
[Result "1-0"]
[WhiteElo "2001"]
[BlackElo "1778"]
[PlyCount "43"]
[EventDate "2009.08.22"]
[EventType "swiss"]
[EventRounds "9"]
[EventCountry "GER"]
[SourceTitle "EXT 2015"]
[Source "ChessBase"]
[SourceDate "2014.11.20"]
[SourceVersion "1"]
[SourceVersionDate "2014.11.20"]
[SourceQuality "1"]

1. c4 e5 2. Nc3 Nf6 3. Nf3 Nc6 4. g3 d5 5. cxd5 Nxd5 6. Bg2 Nb6 7. 0-0 Be7 8. b4 a6 9. a3 0-0 10. d3 Be6 11. Bb2 f5 12. Rc1 Bf6 13. Na4 Nxa4 14. Qxa4 Qd7 15. Qc2 Bd5 16. Rfd1 Rac8 17. e4 Be6 18. d4 Nxd4 19. Bxd4 exd4 20. e5 Bd8 21. Nxd4 Qf7 22. Nxe6 1-0

[Event "Bayern-chB 80th"]
[Site "Immenstadt"]
[Date "2009.08.29"]
[Round "8"]
[White "Alt, Karl Heinz"]
[Black "Oertel, Juergen"]
[Result "1-0"]
[WhiteElo "1778"]
[BlackElo "1372"]
[PlyCount "93"]
[EventDate "2009.08.22"]
[EventType "swiss"]
[EventRounds "9"]
[EventCountry "GER"]
[SourceTitle "EXT 2015"]
[Source "ChessBase"]
[SourceDate "2014.11.20"]
[SourceVersion "1"]
[SourceVersionDate "2014.11.20"]
[SourceQuality "1"]

1. e4 c5 2. Nf3 Nc6 3. d4 cxd4 4. Nxd4 e6 5. Nc3 d6 6. Be3 Be7 7. Bc4 Nf6 8. Bb3 0-0 9. 0-0 e5 10. Nxc6 bxc6 11. Qd2 Ng4 12. Rad1 Nxe3 13. Qxe3 Qb6 14. Qg3 Be6 15. Kh1 Bxb3 16. axb3 f5 17. f4 fxe4 18. fxe5 dxe5 19. Nxe4 Rxf1+ 20. Rxf1 Rf8 21. Rxf8+ Kxf8 22. Qxe5 Qd8 23. h3 Qd1+ 24. Kh2 Qd5 25. Qxd5 cxd5 26. Nc3 d4 27. Nb5 Bc5 28. Kg3 Ke7 29. Kf3 a6 30. Nc7 a5 31. Ke4 Kd7 32. Nb5 Ke6 33. Nxd4+ Kf6 34. c4 Bb4 35. Kd5 h5 36. c5 g5 37. c6 Ke7 38. Nf5+ Kd8 39. Ng7 g4 40. Nxh5 gxh3 41. gxh3 Bd2 42. Ng7 Bc1 43. Ne6+ Kc8 44. h4 Bxb2 45. h5 Bc1 46. Kc5 Bd2 47. Kb5 1-0

[Event "Alpenpokal op 35th"]
[Site "Langenwang"]
[Date "2009.01.12"]
[Round "4"]
[White "Alt, Karl Heinz"]
[Black "Vreugdenhil, Frans"]
[Result "0-1"]
[WhiteElo "1766"]
[BlackElo "2067"]
[PlyCount "40"]
[EventDate "2009.01.09"]
[EventType "swiss"]
[EventRounds "9"]
[EventCountry "GER"]
[SourceTitle "EXT 2019"]
[Source "ChessBase"]
[SourceDate "2018.10.10"]
[SourceVersion "1"]
[SourceVersionDate "2018.10.10"]
[SourceQuality "1"]

1. e4 e5 2. Nf3 Nc6 3. Bb5 f5 4. Bxc6 dxc6 5. Nxe5 Qd4 6. Qh5+ g6 7. Nxg6 hxg6 8. Qxg6+ Kd8 9. 0-0 Ne7 10. Qf7 Qd6 11. g3 Qh6 12. h4 Be6 13. d4 Bxf7 14. Bxh6 Bxh6 15. Nc3 Kd7 16. Rad1 Rag8 17. exf5 Nxf5 18. Ne4 Kc8 19. Kh2 Bf8 20. Rfe1 Nxh4 0-1